Enviarme a ti / (Registro nro. 12433)

Detalles MARC
000 -LIDER
fixed length control field 00768nam a22002537a 4500
001 - NÚMERO DE CONTROL
Identificador de número de control 002145875789
003 - IDENTIFICACDOR DE NÚMERO DE CONTROL
control field DO-SdBNP
005 - DATE AND TIME OF LATEST TRANSACTION
control field 20180221092216.0
007 - CAMPOS FIJOS DE DESCRIPCIÓN FÍSICA
fixed length control field 002145875789
008 - ELEMENTOS DE LONGITUD FIJA
fixed length control field 161214b 1994 nyu a ||||| |||| 00| 0 spa d
020 ## - ISBN
International Standard Book Number 0673363015
040 ## - FUENTE DE CATALOGACIÓN
Agencia que crea de manera original el registro BPMSU
Idioma de catalogación spa
Agencia que realiza la transcripción BPMSU
100 1# - ASIENTO PRINCIPAL -- NOMBRE PERSONAL
Nombre personal Guthrie, Woody
Fechas asociadas con el nombre
245 10 - MENCIÓN DE TITULO
Título Enviarme a ti /
Mención de responsabilidad escrita por Woody Guthrie ; ilustrada por Vera Rosenberry.
260 ## - PUBLICACIÓN, DISTRIBUCIÓN, ETC. (PIE DE IMPRENTA)
Lugar de publicación, distribución, etc Glenview, IL :
Nombre del editor, distribuidor, etc. GoodYearBooks,
Fecha de publicación, distribución, etc [1994].
300 ## - DESCRIPCIÓN FÍSICA
Extensión 8 p. :
Otros detalles físicos il. ;
Dimensiones 18 cm.
490 1# - MENCIÓN DE SERIES
Mención de serie Déjame leer
Volume/sequential designation 2
500 ## - NOTA GENERAL
Nota general Para niños de 3 a 5 años
700 12 - ASIENTO SECUNDARIO -- NOMBRE PERSONAL
Nombre personal Rosenberry, Vera,
Mención de responsabilidad il.
830 #0 - ASIENTO SECUNDARIO DE SERIE--TÍTULO UNIFORME
Título uniforme Déjame leer ;
Volume number/sequential designation 2
942 ## - ADDED ENTRY ELEMENTS (KOHA)
Source of classification or shelving scheme Dewey Decimal Classification
Koha item type Libros
945 ## - INFORMACIÓN DE PROCESAMIENTO LOCAL
Información de procesamiento local Inventariado, 2018/MFF
956 ## - LOCAL ELECTRONIC LOCATION AND ACCESS (OCLC)
Método de acceso LOPEREZ
Materiales especificados 10
Enlace 20161214
Campo enlazado y núm. de secuencia BPMSU
Nombre de host 00041
Existencias
Withdrawn status Lost status Source of classification or shelving scheme Damaged status Not for loan Collection code Home library Current library Date acquired Source of acquisition Total Checkouts Barcode Date last seen Price effective from Koha item type
    Dewey Decimal Classification     Colección Infantil General Biblioteca Pública Metropolitana Salomé Ureña Biblioteca Pública Metropolitana Salomé Ureña 12/14/2016 Donación   BPMSU16120314 12/14/2016 12/14/2016 Libros